000 00874nas a2200289 4500
001 BR0804573
003 BR-BrBNA
005 20231205111838.0
007 ta
008 230509b bl.|||p| |||| 00| 00por d
040 _aBR-BrBNA
_bpor
_cBiblioteca Nacional de Agricultura
041 _a(Pt)
072 _aF02
100 1 _aPinto, L.S.
100 1 _aRibas, K.C.Z.
100 1 _aCarpanezzi, A.A.
100 1 _aTavares, F.R.
100 1 _aKoehler, H.S.
245 1 _aIndução do enraizamento de estacas de araticum-de-porco pela aplicação de fitorreguladores
650 _aARATICUM
650 _aAUXINA
650 _aENRAIZAMENTO DE ESTACA
650 _aESTIMULANTE DE CRESCIMENTO VEGETAL
773 0 _tScientia Agraria (Brazil)
_xISSN 1519-1125
_g(2003), v. 4(1-2) p. 41-45
_wBR0804573
909 _a202311
_bLúcia
_c55
_dLúcia Elande
942 _2AGRIS
_n0
_cANA
999 _c194769
_d194769